000 00460cam a2200157 4500500
005 20260405000955.0
041 _afre
042 _adc
100 1 0 _aMichaud, Yves
_eauthor
245 0 0 _aChère Zahia…
260 _c2010.
500 _a11
690 _aZahia
786 0 _nPhilosophie magazine | 41 | 7 | 2010-07-01 | p. 4-4 | 1951-1787
856 4 1 _uhttps://shs.cairn.info/magazine-philosophie-magazine-2010-7-page-4?lang=fr&redirect-ssocas=7080
999 _c2042748
_d2042748